Opposites! : (Record no. 9379)

MARC details
000 -LEADER
fixed length control field 00800nam a22002537a 4500
001 - CONTROL NUMBER
control field 9379
003 - CONTROL NUMBER IDENTIFIER
control field FISKH
005 - DATE AND TIME OF LATEST TRANSACTION
control field 20251216135358.0
008 - FIXED-LENGTH DATA ELEMENTS--GENERAL INFORMATION
fixed length control field 251216b cb ||||| |||| 00| 0 eng d
020 ## - INTERNATIONAL STANDARD BOOK NUMBER
International Standard Book Number 9781617419980
040 ## - CATALOGING SOURCE
Original cataloging agency FISKH
Language of cataloging eng
Transcribing agency FISKH
Modifying agency FISKH
050 ## - LIBRARY OF CONGRESS CALL NUMBER
Classification number PE1591.R43 O77
082 ## - DEWEY DECIMAL CLASSIFICATION NUMBER
Classification number 428.1
100 ## - MAIN ENTRY--PERSONAL NAME
Personal name Reasoner, Charles
Relator term Author
245 ## - TITLE STATEMENT
Title Opposites! :
Remainder of title Baby talk /
Statement of responsibility, etc. By Charles Reasoner
260 ## - PUBLICATION, DISTRIBUTION, ETC.
Place of publication, distribution, etc. Guangdong :
Name of publisher, distributor, etc. Rourke Publishing ,
Date of publication, distribution, etc. 2011
300 ## - PHYSICAL DESCRIPTION
Extent 10 unnumbered pages :
Other physical details photographs ;
Dimensions 19 cm
505 ## - FORMATTED CONTENTS NOTE
Formatted contents note NP
520 ## - SUMMARY, ETC.
Summary, etc. Plentiful bright colors and playful illustrations, photographs, and text introduces young children to the subject of opposites.
521 8# - TARGET AUDIENCE NOTE
Target audience note NP<br/>
Source Lexile<br/>
650 ## - SUBJECT ADDED ENTRY--TOPICAL TERM
Topical term or geographic name entry element Board book
Form subdivision Basic concepts
942 ## - ADDED ENTRY ELEMENTS (KOHA)
Source of classification or shelving scheme Dewey Decimal Classification
Koha item type Books
Suppress in OPAC No
Holdings
Withdrawn status Lost status Source of classification or shelving scheme Damaged status Not for loan Collection Home library Current library Shelving location Date acquired Total Checkouts Full call number Barcode Date due Date last seen Date last checked out Copy number Price effective from Koha item type
    Dewey Decimal Classification     Non-Fiction Footprints International School Library Network Toul Tom Poung Campus Footprints International School Library Network Toul Tom Poung Campus TTP Primary Green Bookshelves 12/16/2025 1 REA 428.1 PE1591.R43 O77 FISTK02847 01/28/2026 01/14/2026 01/14/2026 1 12/16/2025 Books